[Event "Mukachevo Christmas op U16"]
[Site "Mukachevo"]
[Date "2020.01.12"]
[Round "8"]
[White "Ivanytska, Liudmyla"]
[Black "Shevchuk, Yuriy"]
[Result "1-0"]
[WhiteElo "1652"]
[BlackElo "1546"]
[PlyCount "49"]
[EventDate "2020.01.09"]
[EventType "swiss"]
[EventRounds "9"]
[EventCountry "UKR"]
[SourceTitle "CBM 195 Extra"]
[Source "ChessBase"]
[SourceDate "2020.05.31"]
[SourceVersion "1"]
[SourceVersionDate "2020.05.31"]
[SourceQuality "1"]

1. e4 c5 2. Nf3 d6 3. d4 cxd4 4. Nxd4 Nf6 5. Nc3 e6 6. Be3 a6 7. f3 Qc7 8. Qd2 Nbd7 9. g4 Ne5 10. 0-0-0 b6 11. Qf2 Bb7 12. Nb3 Nfd7 13. Na4 Nc5 14. Naxc5 bxc5 15. Rg1 0-0-0 16. f4 Nd7 17. Bd2 Re8 18. Na5 d5 19. Nxb7 Qxb7 20. exd5 exd5 21. Bg2 Nf6 22. Be3 Nxg4 23. Bh3 f5 24. Bxg4 fxg4 25. Bxc5 1-0

[Event "Mukachevo Christmas op U16"]
[Site "Mukachevo"]
[Date "2020.01.11"]
[Round "6"]
[White "Ivanytska, Liudmyla"]
[Black "Hulka, Valentyn"]
[Result "1-0"]
[WhiteElo "1652"]
[BlackElo "1917"]
[PlyCount "67"]
[EventDate "2020.01.09"]
[EventType "swiss"]
[EventRounds "9"]
[EventCountry "UKR"]
[SourceTitle "CBM 195 Extra"]
[Source "ChessBase"]
[SourceDate "2020.05.31"]
[SourceVersion "1"]
[SourceVersionDate "2020.05.31"]
[SourceQuality "1"]

1. e4 c5 2. Nf3 e6 3. d4 cxd4 4. Nxd4 a6 5. Nc3 Qc7 6. g3 Nf6 7. Bg2 d6 8. 0-0 Be7 9. f4 Nbd7 10. g4 Nb6 11. g5 Nfd7 12. h4 Qc5 13. Kh2 Nf8 14. f5 Bd7 15. Bf4 e5 16. Nb3 Qc7 17. Be3 Bc6 18. Bxb6 Qxb6 19. f6 gxf6 20. gxf6 Bd8 21. Qxd6 Ne6 22. Rad1 Qe3 23. Bh3 Rg8 24. Rd3 Qb6 25. Bxe6 Rg6 26. Bd7+ Bxd7 27. Qxd7+ Kf8 28. Nd5 Qa7 29. Ne7 Rxf6 30. Rxf6 Bxe7 31. Rdf3 Bxf6 32. Rxf6 b5 33. Rxf7+ Kg8 34. Qxa7 1-0

[Event "Wch U12 Girls rapid"]
[Site "Minsk"]
[Date "2019.08.16"]
[Round "3"]
[White "Komissarova, Soigina"]
[Black "Ivanytska, Liudmyla"]
[Result "1-0"]
[WhiteElo "1542"]
[BlackElo "1759"]
[PlyCount "109"]
[EventDate "2019.08.16"]
[EventType "swiss (rapid)"]
[EventRounds "9"]
[EventCountry "BLR"]
[SourceTitle "EXT 2020"]
[Source "ChessBase"]
[SourceDate "2019.10.17"]
[SourceVersion "1"]
[SourceVersionDate "2019.10.17"]
[SourceQuality "1"]

1. e4 c5 2. Nf3 e6 3. d4 cxd4 4. Nxd4 a6 5. c4 Nf6 6. Nc3 Bb4 7. Qd3 Bxc3+ 8. bxc3 d6 9. Be2 0-0 10. 0-0 Qc7 11. f4 Nbd7 12. Ba3 b6 13. Bf3 e5 14. Nf5 Nc5 15. Qxd6 Qxd6 16. Nxd6 Be6 17. Rab1 Na4 18. Rb4 b5 19. cxb5 Nxc3 20. b6 Nxa2 21. Rb2 Nc3 22. Rc1 Na4 23. Rb4 Bd7 24. fxe5 Ne8 25. Nf5 g6 26. Ne3 Ng7 27. Rd4 Rfd8 28. Be7 Ne6 29. Rd6 Nac5 30. Bxd8 Rxd8 31. Rcd1 Nf8 32. Nd5 Kg7 33. Nf6 h5 34. Be2 Rb8 35. Nxd7 Ncxd7 36. Rxd7 Nxd7 37. Rxd7 Rxb6 38. Bc4 Rb1+ 39. Kf2 Rb2+ 40. Kg3 h4+ 41. Kh3 Rf2 42. Bxa6 Rf4 43. e6 Rxe4 44. exf7 g5 45. Bb7 Re3+ 46. g3 hxg3 47. hxg3 Re5 48. Bd5 Rf5 49. Rd8 Rf6 50. Rg8+ Kh7 51. f8Q g4+ 52. Kg2 Rf2+ 53. Qxf2 Kh6 54. Qf6+ Kh5 55. Qg5# 1-0

[Event "UKR-ch U12 Girls"]
[Site "Lvov"]
[Date "2019.03.28"]
[Round "10"]
[White "Ivanytska, Liudmyla"]
[Black "Prochaieva, Nina"]
[Result "1-0"]
[WhiteElo "1637"]
[BlackElo "1645"]
[PlyCount "105"]
[EventDate "2019.03.19"]
[EventType "tourn"]
[EventRounds "11"]
[EventCountry "UKR"]
[SourceTitle "CBM 190 Extra"]
[Source "ChessBase"]
[SourceDate "2019.07.15"]
[SourceVersion "1"]
[SourceVersionDate "2019.07.15"]
[SourceQuality "1"]

1. e4 d5 2. exd5 Qxd5 3. Nc3 Qd6 4. d4 Nf6 5. Nf3 g6 6. Nb5 Qd8 7. c4 Bg7 8. h3 0-0 9. Be3 a6 10. Nc3 b6 11. Qd2 Bb7 12. Be2 e6 13. 0-0 Nbd7 14. Rad1 Ne4 15. Nxe4 Bxe4 16. Bh6 Nf6 17. Bxg7 Kxg7 18. Ne5 Bb7 19. Bf3 Bxf3 20. Nxf3 Ne4 21. Qf4 Nd6 22. c5 Nc8 23. Qe5+ Kg8 24. h4 Ra7 25. d5 Qd7 26. Ng5 exd5 27. Rxd5 Qe8 28. Qc3 Qc6 29. Rfd1 Ne7 30. Rd7 Nf5 31. Qb3 Nxh4 32. Qh3 h6 33. Nxf7 Rxf7 34. Rxf7 Kxf7 35. Qxh4 Qxc5 36. Qxh6 Qh5 37. Qf4+ Qf5 38. Qc4+ Kf6 39. Rd3 Qc5 40. Rf3+ Kg7 41. Qf7+ Kh6 42. Rh3+ Kg5 43. Rg3+ Kh4 44. Qh7+ Qh5 45. Rh3+ Kg5 46. Rxh5+ gxh5 47. Qf7 c5 48. Qxa7 a5 49. g3 a4 50. Qf7 a3 51. f4+ Kg4 52. Kg2 axb2 53. Qg6# 1-0

[Event "UKR-ch U12 Girls"]
[Site "Lvov"]
[Date "2019.03.27"]
[Round "9"]
[White "Manko, Mariya"]
[Black "Ivanytska, Liudmyla"]
[Result "1-0"]
[WhiteElo "1770"]
[BlackElo "1637"]
[PlyCount "115"]
[EventDate "2019.03.19"]
[EventType "tourn"]
[EventRounds "11"]
[EventCountry "UKR"]
[SourceTitle "CBM 190 Extra"]
[Source "ChessBase"]
[SourceDate "2019.07.15"]
[SourceVersion "1"]
[SourceVersionDate "2019.07.15"]
[SourceQuality "1"]

1. Nf3 d5 2. d4 Nf6 3. g3 Bf5 4. c4 dxc4 5. Qa4+ c6 6. Qxc4 e6 7. Bf4 Qb6 8. Qc1 Be4 9. Nbd2 Bb4 10. Be5 Bxf3 11. exf3 Nbd7 12. Bd3 Qa5 13. Bxf6 Nxf6 14. Ke2 Bxd2 15. Qxd2 Qb6 16. Bc4 Rd8 17. Rad1 e5 18. Qe3 0-0 19. dxe5 Qxb2+ 20. Rd2 Rxd2+ 21. Qxd2 Qxe5+ 22. Kf1 b5 23. Bb3 c5 24. Kg2 c4 25. Re1 Qc7 26. Bc2 Rd8 27. Qb4 a6 28. a4 Rb8 29. axb5 axb5 30. Ra1 Nd5 31. Qd2 Qc5 32. Be4 Nf6 33. Qf4 Rd8 34. Bc2 Re8 35. Kf1 b4 36. Rc1 Qb5 37. Bd1 c3+ 38. Kg2 Nd5 39. Qd4 Rc8 40. Bb3 Nf6 41. Qa7 Qd7 42. Qb6 Qe7 43. Ra1 h6 44. Ra7 Qc5 45. Rxf7 Kh8 46. Qxc5 Rxc5 47. Rf8+ Ng8 48. Rxg8+ Kh7 49. Rb8 c2 50. Bxc2+ Rxc2 51. Rxb4 Kg6 52. g4 Rc1 53. h4 Rc6 54. f4 Ra6 55. f3 Rc6 56. Kg3 Ra6 57. h5+ Kh7 58. g5 1-0

[Event "UKR-ch U12 Girls"]
[Site "Lvov"]
[Date "2019.03.25"]
[Round "7"]
[White "Bondar, Daria"]
[Black "Ivanytska, Liudmyla"]
[Result "0-1"]
[WhiteElo "1162"]
[BlackElo "1637"]
[PlyCount "116"]
[EventDate "2019.03.19"]
[EventType "tourn"]
[EventRounds "11"]
[EventCountry "UKR"]
[SourceTitle "CBM 190 Extra"]
[Source "ChessBase"]
[SourceDate "2019.07.15"]
[SourceVersion "1"]
[SourceVersionDate "2019.07.15"]
[SourceQuality "1"]

1. e4 c5 2. Nf3 e6 3. d4 cxd4 4. Nxd4 a6 5. c4 Qc7 6. Nc3 Nf6 7. Be3 Bb4 8. Bd3 Bxc3+ 9. bxc3 0-0 10. 0-0 d6 11. Rb1 e5 12. Nf5 g6 13. Bb6 Qd7 14. Ne3 Qe7 15. Nd5 Nxd5 16. cxd5 Nd7 17. Qb3 Qg5 18. Be3 Qe7 19. a4 Qd8 20. Qb4 Qc7 21. Rfc1 Rb8 22. Bb6 Nxb6 23. Qxb6 Qxb6 24. Rxb6 Rd8 25. Bxa6 Ra8 26. Bb5 h5 27. c4 Rb8 28. c5 dxc5 29. Rxc5 Kf8 30. Rc7 Kg8 31. d6 Be6 32. d7 Kf8 33. Rbxb7 Rxb7 34. Rxb7 Ke7 35. a5 Bxd7 36. Rxd7+ Rxd7 37. Bxd7 Kxd7 38. h3 Kc6 39. Kh2 Kb5 40. Kg3 g5 41. Kf3 Kxa5 42. Ke3 Kb5 43. g3 Kc4 44. f3 f6 45. Ke2 Kd4 46. Kd2 g4 47. fxg4 hxg4 48. h4 Kxe4 49. Ke2 Kf5 50. Ke3 Ke6 51. Ke4 f5+ 52. Ke3 Kf6 53. Ke2 f4 54. Kf2 Kg6 55. Kg2 Kh5 56. Kf2 fxg3+ 57. Kxg3 e4 58. Kf4 Kxh4 0-1

[Event "Wch U12 Girls rapid"]
[Site "Minsk"]
[Date "2018.06.23"]
[Round "8"]
[White "Ivanytska, Liudmyla"]
[Black "Nguyen, Linh Dan"]
[Result "0-1"]
[WhiteElo "1655"]
[BlackElo "1405"]
[PlyCount "110"]
[EventDate "2018.06.22"]
[EventType "swiss (rapid)"]
[EventRounds "9"]
[EventCountry "BLR"]
[SourceTitle "EXT 2019"]
[Source "ChessBase"]
[SourceDate "2018.10.10"]
[SourceVersion "1"]
[SourceVersionDate "2018.10.10"]
[SourceQuality "1"]

1. e4 c5 2. Nf3 Nc6 3. d4 cxd4 4. Nxd4 Nf6 5. Nc3 e5 6. Ndb5 d6 7. Bg5 a6 8. Na3 b5 9. Nd5 Be7 10. Bxf6 Bxf6 11. c3 Bg5 12. Be2 0-0 13. 0-0 Ne7 14. Nxe7+ Qxe7 15. Nc2 Bb7 16. f3 d5 17. exd5 Qc5+ 18. Kh1 Qxd5 19. Nb4 Qxd1 20. Raxd1 Rfd8 21. h3 Be7 22. Nc2 Rac8 23. Ne3 Bc5 24. Nf5 g6 25. Nh6+ Kg7 26. Ng4 f6 27. Nh2 Bd5 28. Ra1 Be6 29. Rfd1 Bb6 30. a4 bxa4 31. Bxa6 Bb3 32. Rxd8 Rxd8 33. Nf1 Kf7 34. g4 f5 35. Bb5 fxg4 36. hxg4 Kf6 37. Kg2 Kg5 38. Re1 Rd5 39. c4 Rc5 40. Nd2 Bc2 41. Ne4+ Bxe4 42. Rxe4 Bc7 43. Bxa4 Ra5 44. b3 Bd6 45. Re1 Ra8 46. Rd1 Bb4 47. Rd5 Kf4 48. Rd7 h6 49. Kf2 Bc5+ 50. Ke2 Kg3 51. Rh7 Rd8 52. Rxh6 g5 53. Rf6 Bb4 54. Rf5 Rd2+ 55. Ke3 Rf2 0-1

[Event "Lutsk Nebesna Sotnya Memorial blitz"]
[Site "Lutsk"]
[Date "2018.02.16"]
[Round "1"]
[White "Ivanytska, Liudmyla"]
[Black "Mirzoev, Emil"]
[Result "0-1"]
[WhiteElo "1489"]
[BlackElo "2405"]
[PlyCount "52"]
[EventDate "2018.02.16"]
[EventType "swiss (blitz)"]
[EventRounds "15"]
[EventCountry "UKR"]
[SourceTitle "CBM 182 Extra"]
[Source "ChessBase"]
[SourceDate "2018.02.23"]
[SourceVersion "1"]
[SourceVersionDate "2018.02.23"]
[SourceQuality "1"]

1. e4 c5 2. Nf3 e6 3. d4 cxd4 4. Nxd4 Nc6 5. a3 Qb6 6. c3 Nf6 7. Qd3 Bc5 8. Be2 Nxd4 9. cxd4 Bxd4 10. Qc2 Bxf2+ 11. Kf1 0-0 12. Bf4 d5 13. exd5 Nxd5 14. Bd2 Bd7 15. Nc3 Rac8 16. Nxd5 Rxc2 17. Nxb6 Bxb6 18. Bb4 Rfc8 19. Bc3 Bc6 20. Re1 Bd5 21. h3 f6 22. h4 Kf7 23. h5 Bc4 24. Bxc4 Rxc4 25. Rd1 Rf2+ 26. Ke1 Re4# 0-1